<?xml version="1.0" encoding="UTF-8"?>
<record
    xmlns:xsi="http://www.w3.org/2001/XMLSchema-instance"
    xsi:schemaLocation="http://www.loc.gov/MARC21/slim http://www.loc.gov/standards/marcxml/schema/MARC21slim.xsd"
    xmlns="http://www.loc.gov/MARC21/slim">

  <leader>01000cam a2200301 i 4500</leader>
  <datafield tag="999" ind1=" " ind2=" ">
    <subfield code="c">26919</subfield>
    <subfield code="d">26919</subfield>
  </datafield>
  <controlfield tag="001">18799422</controlfield>
  <controlfield tag="003">NUST</controlfield>
  <controlfield tag="005">20170530121314.0</controlfield>
  <controlfield tag="008">150930s2015    pk       b    000 0 eng  </controlfield>
  <datafield tag="010" ind1=" " ind2=" ">
    <subfield code="a">  2015328109</subfield>
  </datafield>
  <datafield tag="020" ind1=" " ind2=" ">
    <subfield code="a">9789698611170</subfield>
  </datafield>
  <datafield tag="025" ind1=" " ind2=" ">
    <subfield code="a">P-E-2015328109; 12</subfield>
  </datafield>
  <datafield tag="037" ind1=" " ind2=" ">
    <subfield code="b">Library of Congress -- Islamabad Overseas Office</subfield>
  </datafield>
  <datafield tag="040" ind1=" " ind2=" ">
    <subfield code="a">DLC</subfield>
    <subfield code="b">DLC</subfield>
    <subfield code="c">RCMS</subfield>
    <subfield code="e"> </subfield>
  </datafield>
  <datafield tag="042" ind1=" " ind2=" ">
    <subfield code="a">lcode</subfield>
    <subfield code="a">pcc</subfield>
  </datafield>
  <datafield tag="050" ind1="0" ind2="0">
    <subfield code="a"> 491.4283421 SHA</subfield>
    <subfield code="b">.S517 2015</subfield>
  </datafield>
  <datafield tag="082" ind1=" " ind2=" ">
    <subfield code="a">491.4283421 SHA</subfield>
  </datafield>
  <datafield tag="100" ind1="1" ind2=" ">
    <subfield code="a">Dr. Safdar Ali Shah.</subfield>
    <subfield code="d">1948-</subfield>
    <subfield code="e">author.</subfield>
    <subfield code="9">8627</subfield>
  </datafield>
  <datafield tag="245" ind1="1" ind2="0">
    <subfield code="a">Punjabi grammar /</subfield>
    <subfield code="c">Dr. Safdar Ali Shah.</subfield>
  </datafield>
  <datafield tag="260" ind1=" " ind2=" ">
    <subfield code="a">Islamabad:</subfield>
    <subfield code="b">NUST publishing;</subfield>
    <subfield code="c">2015.</subfield>
  </datafield>
  <datafield tag="300" ind1=" " ind2=" ">
    <subfield code="a">xx, 167 p.</subfield>
    <subfield code="c">22 cm</subfield>
  </datafield>
  <datafield tag="440" ind1=" " ind2=" ">
    <subfield code="a">Punjabi grammar </subfield>
    <subfield code="9">1597</subfield>
  </datafield>
  <datafield tag="504" ind1=" " ind2=" ">
    <subfield code="a">Includes bibliographical references (pages 159-167).</subfield>
  </datafield>
  <datafield tag="538" ind1=" " ind2=" ">
    <subfield code="i">Shelf # 13, Row # 4, Fiction.</subfield>
  </datafield>
  <datafield tag="650" ind1=" " ind2="0">
    <subfield code="a">Panjabi language</subfield>
    <subfield code="x">Grammar.</subfield>
    <subfield code="9">8628</subfield>
  </datafield>
  <datafield tag="710" ind1="2" ind2=" ">
    <subfield code="a">National University of Sciences and Technology (Isl&#x101;m&#x101;b&#x101;d, Pakistan)</subfield>
    <subfield code="9">8629</subfield>
  </datafield>
  <datafield tag="856" ind1=" " ind2=" ">
    <subfield code="3">Table of Contents Only.</subfield>
  </datafield>
  <datafield tag="906" ind1=" " ind2=" ">
    <subfield code="a">7</subfield>
    <subfield code="b">cbc</subfield>
    <subfield code="c">origode</subfield>
    <subfield code="d">3</subfield>
    <subfield code="e">ncip</subfield>
    <subfield code="f">20</subfield>
    <subfield code="g">y-gencatlg</subfield>
  </datafield>
  <datafield tag="942" ind1=" " ind2=" ">
    <subfield code="2">ddc</subfield>
    <subfield code="c">BK</subfield>
    <subfield code="h">491.4283421 SHA</subfield>
  </datafield>
  <datafield tag="952" ind1=" " ind2=" ">
    <subfield code="0">0</subfield>
    <subfield code="1">0</subfield>
    <subfield code="2">ddc</subfield>
    <subfield code="4">0</subfield>
    <subfield code="7">0</subfield>
    <subfield code="8">FIC</subfield>
    <subfield code="a">RCMS</subfield>
    <subfield code="b">RCMS</subfield>
    <subfield code="c">FIC</subfield>
    <subfield code="d">2016-05-11</subfield>
    <subfield code="l">0</subfield>
    <subfield code="o">491.4283421 SHA </subfield>
    <subfield code="p">RCMS002995</subfield>
    <subfield code="r">2016-06-01</subfield>
    <subfield code="t">01</subfield>
    <subfield code="w">2016-06-01</subfield>
    <subfield code="y">FIC</subfield>
  </datafield>
  <datafield tag="952" ind1=" " ind2=" ">
    <subfield code="0">0</subfield>
    <subfield code="1">0</subfield>
    <subfield code="2">ddc</subfield>
    <subfield code="4">0</subfield>
    <subfield code="7">0</subfield>
    <subfield code="a">RCMS</subfield>
    <subfield code="b">RCMS</subfield>
    <subfield code="c">FIC</subfield>
    <subfield code="d">2019-10-11</subfield>
    <subfield code="l">0</subfield>
    <subfield code="o">491.4283421 SHA</subfield>
    <subfield code="p">RCMS002996</subfield>
    <subfield code="r">2019-10-11</subfield>
    <subfield code="w">2019-10-11</subfield>
    <subfield code="y">BK</subfield>
  </datafield>
</record>
